000
00293nam a2200133Ia 4500
008
191201s2013 xx 000 0 und d
100
_a
CENGEL, Y A
245
0
_a
Fluid Mechanics
250
_a
Rep
260
_a
N. Delhi
_b
TMH
_c
2013
300
_a
980
650
_a
B.Tech(ME)
942
_2
ddc
_c
BK
999
_c
5627
_d
5627